=LDR 00000nam 2200000 4500 =001 INLIS000000000042985 =005 20201130092021 =035 ##$$a 0010-101300000000907 =008 201130################g##########0#ind## =041 ##$$a Ind =082 ##$$a 330.959 813 61 =090 ##$$a 330.959 813 61, Pul p =245 ##$$a Pulau Siberut. /$c Editor, Gerard Persoon =260 ##$$a Jakarta :$b Bhratara karya aksara,$c 1985 =300 ##$$a xv, 266 hlm. : $b ilus. ; $c 21x14 cm =650 #4$$a Pulau Siberut =650 #4$$a Keadaan Ekonomi =700 #$$a Persoon, Gerard =850 ##$$a NBPNMAT =084 ##$$a 330.959 813 61 PUL =250 ##$$a cet.1 =990 ##$$a 31.888/pro-89 =990 ##$$a DW00018507 =990 ##$$a 52.322/pro.93 =990 ##$$a 52.325/pro-93